|
|
|
|
| LEADER |
00000nab#a22000007a#4500 |
| 001 |
arbauad002781 |
| 003 |
AR-BaUAD |
| 005 |
20250711110529.0 |
| 008 |
930831|||||||||###||||||b###|0###a|spa|| |
| 040 |
|
|
|a AR-BaUAD
|c AR-BaUAD
|b spa
|
| 100 |
|
|
|a Ramos, Jorge
|
| 245 |
|
|
|a Historia y Arqueología de Palermo de San Benito. Aspectos de su planeamiento ambiental /
|c Jorge Ramos; Schávelzon;
|
| 300 |
0 |
|
|b fot., planos
|
| 500 |
|
|
|a Recuperación y acondicionamiento. Trazado y estructura funcional.
|
| 653 |
|
|
|a PALERMO DE SAN BENITO
|
| 653 |
|
|
|a BARRIOS PORTEÑOS
|
| 653 |
|
|
|a BUENOS AIRES, CIUDAD
|
| 653 |
|
|
|a ARQUEOLOGIA
|
| 653 |
|
|
|a HISTORIA
|
| 653 |
|
|
|a ARQUITECTURA
|
| 700 |
1 |
|
|a Schávelzon,
|
| 773 |
0 |
|
|t ANALES DEL INSTITUTO DE ARTE AMERICANO E INVESTIGACIONES ESTÉTICAS
|g no. 27-28 [1989-1991], p. 74-92
|
| 856 |
4 |
|
|u http://www.iaa.fadu.uba.ar/publicaciones/anales/Anales_27_28.pdf
|
| 942 |
|
|
|c ARTI
|
| 952 |
|
|
|0 0
|1 0
|4 0
|7 0
|9 47701
|a AR-BAuAD
|b AR-BAuAD
|d 2025-07-11
|l 0
|p AAQA002781
|r 2025-07-11 11:05:29
|w 2025-07-11
|y ARTI
|
| 990 |
|
|
|a AQ198
|b TD
|
| 990 |
|
|
|a AQ199
|b TD
|
| 998 |
|
|
|a AAQ
|b BIBUN76
|
| 999 |
|
|
|c 27374
|d 27374
|